| 000 | 00940nam a22002897a 4500 | ||
|---|---|---|---|
| 003 | CHAP | ||
| 005 | 20220329140032.0 | ||
| 008 | 971013s1986 r 10010 d | ||
| 010 | _a45981 | ||
| 011 | _a46953 | ||
| 035 | _a51094 | ||
| 040 | _cCHAP | ||
| 082 |
_a591.524 _bR4 |
||
| 111 | 0 | 0 |
_aReunión Anual de Parasitología Veterinaria ( _n7 _d: 1986 _c: Cd. Victoria, Tamps.) _996237 |
| 245 | _aMemoria | ||
| 260 |
_aMéxico, D. F. : _bAsociación Mexicana de Parasitología Veterinaria, A. C., _c(1986?) |
||
| 300 | _a88 p. | ||
| 590 |
_aBATCH-UPD _b10 _c20130110 _lUCH01 _h1227 |
||
| 590 |
_aBATCH-UPD _b10 _c20130410 _lUCH01 _h0759 |
||
| 590 |
_aBATCH-UPD _b10 _c20130914 _lUCH01 _h1505 |
||
| 590 |
_aCONVERSION _b10 _c20130109 _lUCH01 _h1325 |
||
| 650 | 1 | 4 |
_aGanado _xParásitos. _944939 |
| 650 | 1 | 4 |
_aParasitología veterinaria. _985475 |
| 901 | _aBK | ||
| 942 | _cLIBRO | ||
| 949 |
_a591.524 R4 _bBC _cCONG _d-114519 _eCONG _h69692 _i51094 _si |
||
| 999 |
_c45981 _d45981 |
||